Twentieth anniversary conference: (Record no. 18394)

MARC details
000 -LEADER
fixed length control field 00551nam a22001457a 4500
008 - FIXED-LENGTH DATA ELEMENTS--GENERAL INFORMATION
fixed length control field 230405b |||||||| |||| 00| 0 eng d
040 ## - CATALOGING SOURCE
Original cataloging agency National Science Library
Transcribing agency National Science Library
080 ## - UNIVERSAL DECIMAL CLASSIFICATION NUMBER
Universal Decimal Classification number I 82.03:5/6(082.2)
Item number M3;1
245 ## - TITLE STATEMENT
Title Twentieth anniversary conference:
Remainder of title Problem and prospects of scientific and technical translation
Statement of responsibility, etc. / Indian Scientific Translators Association
260 ## - PUBLICATION, DISTRIBUTION, ETC.
Place of publication, distribution, etc. New Delhi:
Name of publisher, distributor, etc. Indian Scientific Translators Association,
Date of publication, distribution, etc. 1983
300 ## - PHYSICAL DESCRIPTION
Extent 151p.
650 ## - SUBJECT ADDED ENTRY--TOPICAL TERM
Topical term or geographic name entry element Management
653 ## - INDEX TERM--UNCONTROLLED
Uncontrolled term Textile
942 ## - ADDED ENTRY ELEMENTS (KOHA)
Source of classification or shelving scheme Universal Decimal Classification
Koha item type Proceedings
Holdings
Withdrawn status Lost status Source of classification or shelving scheme Damaged status Not for loan Home library Current library Shelving location Date acquired Total Checkouts Full call number Barcode Date last seen Price effective from Koha item type
    Universal Decimal Classification     National Science Library National Science Library GF/Rk-21/C-9/R-3 01/02/1984   I 82.03:5/6(082.2) K3;1 103836 05/04/2023 01/02/1984 Proceedings
    Universal Decimal Classification     National Science Library National Science Library GF/Rk-21/C-9/R-3 01/02/1984   I 82.03:5/6(082.2) K3;2 103835 05/04/2023 01/02/1984 Proceedings
    Universal Decimal Classification     National Science Library National Science Library GF/Rk-21/C-9/R-3 01/02/1984   I 82.03:5/6(082.2) K3;3 103837 05/04/2023 01/02/1984 Proceedings